<?xml version="1.0" encoding="UTF-8"?>
<record
    xmlns:xsi="http://www.w3.org/2001/XMLSchema-instance"
    xsi:schemaLocation="http://www.loc.gov/MARC21/slim http://www.loc.gov/standards/marcxml/schema/MARC21slim.xsd"
    xmlns="http://www.loc.gov/MARC21/slim">

  <leader>01447nam a22002897a 4500</leader>
  <datafield tag="952" ind1=" " ind2=" ">
    <subfield code="0">0</subfield>
    <subfield code="1">0</subfield>
    <subfield code="4">0</subfield>
    <subfield code="7">0</subfield>
    <subfield code="a">01</subfield>
    <subfield code="b">01</subfield>
    <subfield code="d">2018-02-26</subfield>
    <subfield code="l">0</subfield>
    <subfield code="o">658.4052 P32a 2009</subfield>
    <subfield code="p">01 014268</subfield>
    <subfield code="r">2018-02-26</subfield>
    <subfield code="t">1</subfield>
    <subfield code="w">2018-02-26</subfield>
    <subfield code="y">LB</subfield>
  </datafield>
  <datafield tag="952" ind1=" " ind2=" ">
    <subfield code="0">0</subfield>
    <subfield code="1">0</subfield>
    <subfield code="2">lcc</subfield>
    <subfield code="4">0</subfield>
    <subfield code="7">0</subfield>
    <subfield code="a">08</subfield>
    <subfield code="b">08</subfield>
    <subfield code="d">2018-10-31</subfield>
    <subfield code="l">1</subfield>
    <subfield code="o">HF5415.126  P4318 2009</subfield>
    <subfield code="p">08 006724</subfield>
    <subfield code="r">2022-08-09</subfield>
    <subfield code="s">2022-08-09</subfield>
    <subfield code="t">1</subfield>
    <subfield code="w">2018-10-31</subfield>
    <subfield code="y">LB</subfield>
  </datafield>
  <datafield tag="952" ind1=" " ind2=" ">
    <subfield code="0">0</subfield>
    <subfield code="1">0</subfield>
    <subfield code="2">lcc</subfield>
    <subfield code="4">0</subfield>
    <subfield code="7">0</subfield>
    <subfield code="a">13</subfield>
    <subfield code="b">13</subfield>
    <subfield code="d">2018-02-26</subfield>
    <subfield code="l">0</subfield>
    <subfield code="o">HF5415.126 P4318 2009</subfield>
    <subfield code="p">13 005173</subfield>
    <subfield code="r">2025-04-22</subfield>
    <subfield code="t">1</subfield>
    <subfield code="w">2018-02-26</subfield>
    <subfield code="y">LB</subfield>
    <subfield code="f"></subfield>
  </datafield>
  <datafield tag="999" ind1=" " ind2=" ">
    <subfield code="c">102857</subfield>
    <subfield code="d">102857</subfield>
  </datafield>
  <controlfield tag="008">141124b    2009mx ||||| |||| 00| 0 spa d</controlfield>
  <datafield tag="020" ind1=" " ind2=" ">
    <subfield code="a">9786077686262</subfield>
  </datafield>
  <datafield tag="050" ind1="1" ind2="4">
    <subfield code="a">HF5415.126</subfield>
    <subfield code="b">P4318 2009</subfield>
  </datafield>
  <datafield tag="082" ind1="0" ind2="4">
    <subfield code="a">658.4052</subfield>
    <subfield code="b">P32a 2009</subfield>
  </datafield>
  <datafield tag="100" ind1="1" ind2=" ">
    <subfield code="a">Pease, Allan </subfield>
    <subfield code="d">autor</subfield>
  </datafield>
  <datafield tag="240" ind1="1" ind2="0">
    <subfield code="a">Questions are the answers. Espa&#xF1;ol] </subfield>
    <subfield code="l">Espa&#xF1;ol</subfield>
  </datafield>
  <datafield tag="245" ind1="1" ind2="3">
    <subfield code="a">El arte de negociar y persuadir</subfield>
    <subfield code="c"> / Allan Pease</subfield>
  </datafield>
  <datafield tag="250" ind1=" " ind2=" ">
    <subfield code="a">2a edici&#xF3;n</subfield>
  </datafield>
  <datafield tag="260" ind1=" " ind2=" ">
    <subfield code="a">M&#xE9;xico</subfield>
    <subfield code="b"> : Alfaomega </subfield>
    <subfield code="b">Amat Editorial</subfield>
    <subfield code="c">, 2009</subfield>
  </datafield>
  <datafield tag="300" ind1=" " ind2=" ">
    <subfield code="a">110 p&#xE1;ginas</subfield>
    <subfield code="b"> : ilustrado</subfield>
  </datafield>
  <datafield tag="490" ind1=" " ind2=" ">
    <subfield code="a">Betapsi</subfield>
  </datafield>
  <datafield tag="504" ind1=" " ind2=" ">
    <subfield code="a">Traducci&#xF3;n de: Questions are the Answers</subfield>
  </datafield>
  <datafield tag="505" ind1=" " ind2=" ">
    <subfield code="a">Luke y Mia
El primer paso
C&#xF3;mo obtener el s&#xED;
Seis habilidades estrat&#xE9;gicas para presentaciones
Seis t&#xE9;cnicas tremendas para generar impresiones positivas
Lenguaje corporal: C&#xF3;mo leer los signos
Una gu&#xED;a r&#xE1;pida del lenguaje corporal
Signos corporaes positivos
Signos corporales negativos</subfield>
  </datafield>
  <datafield tag="519" ind1=" " ind2=" ">
    <subfield code="a">Educaci&#xF3;n Mixta /</subfield>
    <subfield code="b">Inform&#xE1;tica / </subfield>
    <subfield code="c">T&#xE9;cnicas de Negociaci&#xF3;n (B03-2) / </subfield>
    <subfield code="d">(13 003107)</subfield>
  </datafield>
  <datafield tag="519" ind1=" " ind2=" ">
    <subfield code="a">Material Complementario /</subfield>
    <subfield code="b">Criminal&#xED;stica MAX /</subfield>
    <subfield code="d">(01 014268)</subfield>
  </datafield>
  <datafield tag="519" ind1=" " ind2=" ">
    <subfield code="a">Material Complementario /</subfield>
    <subfield code="b">Inform&#xE1;tica /</subfield>
    <subfield code="d">(08 006724)</subfield>
  </datafield>
  <datafield tag="650" ind1="1" ind2="0">
    <subfield code="a">MERCADOTECNIA DE NIVEL M&#xDA;LTIPLE</subfield>
  </datafield>
  <datafield tag="650" ind1="2" ind2="0">
    <subfield code="x">LENGUAJE CORPORAL</subfield>
    <subfield code="a">LENGUAJE CORPORAL</subfield>
  </datafield>
  <datafield tag="650" ind1="3" ind2="0">
    <subfield code="x">PERSUASION (PSICOLOG&#xCD;A)</subfield>
    <subfield code="a">PERSUASI&#xD3;N (PSICOLOG&#xCD;A)</subfield>
  </datafield>
  <datafield tag="942" ind1=" " ind2=" ">
    <subfield code="c">LB</subfield>
  </datafield>
</record>
